| 000 | 00383 a2200157 4500 | ||
|---|---|---|---|
| 001 | 156873 | ||
| 020 | _a9788574121628 | ||
| 040 | _cEscola São Tomás de Aquino | ||
| 100 | _aOLIVEIRA FILHO, Milton Célio de | ||
| 240 | 1 | 0 |
_aO caso do pote quebrado _lpor |
| 245 | 1 | 0 | _aO caso do pote quebrado |
| 300 | _a32 p. | ||
| 362 | 0 | _a2006 | |
| 697 | _a*LITERATURA INFANTO | ||
| 942 | _cBK | ||
| 999 |
_c156873 _d156873 |
||